000 00504nam a2200181Ia 4500
008 090123s9999 xx 000 0 und d
082 _b13237
100 _aमाडगूळकर व्यंकटेश
245 _aबाजार
250 _a1
260 _c1977
300 _a117
600 _aमाडगूळकर व्यंकटेश
630 _aबाजार
700 _aमाडगूळकर व्यंकटेश
730 _aबाजार
942 _cBOOK
999 _c51300
_d51300